You're on your own (Record no. 70601)

MARC details
000 -LEADER
fixed length control field 01382cam a2200241 4500
001 - CONTROL NUMBER
control field ABS65581
008 - FIXED-LENGTH DATA ELEMENTS--GENERAL INFORMATION
fixed length control field 020627n2002 000 0 eng u
035 ## - SYSTEM CONTROL NUMBER
System control number (Sirsi) u118557
100 ## - MAIN ENTRY--PERSONAL NAME
Personal name Barnes, R.
245 ## - TITLE STATEMENT
Title You're on your own
260 ## - PUBLICATION, DISTRIBUTION, ETC.
Date of publication, distribution, etc. 2002
490 ## - SERIES STATEMENT
Series statement Building
Volume/sequential designation 267(8236) 31 May 2002, 53(1)
520 ## - SUMMARY, ETC.
Summary, etc. Discusses two recent HL decisions in concerning claims for contribution under the Civil Liability (Contribution) Act 1978 which show that the scope for claiming contribution from other negligent parties is much smaller than once thought. The cases examined are "Co-operative Retail Services Ltd v Taylor Young Partnership and others" and "Royal Brompton Hospital National Health Service Trust v Watkins Gray International (UK)". Copies of judgment available on House of Lords website http://www.parliament.the-stationery-office.co.uk/pa/ld199697/ldjudgmt/ldjudgmt.htm?
590 ## - LOCAL NOTE (RLIN)
Local note ABS
650 ## - SUBJECT ADDED ENTRY--TOPICAL TERM
Topical term or geographic name entry element NEGLIGENCE
650 ## - SUBJECT ADDED ENTRY--TOPICAL TERM
Topical term or geographic name entry element CIVIL LIABILITY (CONTRIBUTION) ACT 1978
650 ## - SUBJECT ADDED ENTRY--TOPICAL TERM
Topical term or geographic name entry element CO-OPERATIVE RETAIL SERVICES LTD V TAYLOR YOUNG PARTNERSHIP
650 ## - SUBJECT ADDED ENTRY--TOPICAL TERM
Topical term or geographic name entry element ROYAL BROMPTON HOSPITAL NATIONAL HEALTH SERVICE TRUST V WATKINS GRAY INTERNATIONAL (UK)
650 ## - SUBJECT ADDED ENTRY--TOPICAL TERM
Topical term or geographic name entry element CONTRIBUTION CLAIMS
690 ## - LOCAL SUBJECT ADDED ENTRY--TOPICAL TERM (OCLC, RLIN)
Topical term or geographic name as entry element BUILT ENVIRONMENT-BUILDING CONTRACT FORMS
856 ## - ELECTRONIC LOCATION AND ACCESS
Uniform Resource Identifier <a href="https://www.parliament.the-stationery-office.co.uk/pa/ld199697/ldjudgmt/ldjudgmt.htm?">https://www.parliament.the-stationery-office.co.uk/pa/ld199697/ldjudgmt/ldjudgmt.htm?</a>
942 ## - ADDED ENTRY ELEMENTS (KOHA)
Suppress in OPAC 0
Holdings
Withdrawn status Lost status Source of classification or shelving scheme Damaged status Not for loan Home library Current library Shelving location Date acquired Total Checkouts Full call number Barcode Date last seen Copy number Price effective from Koha item type
    Dewey Decimal Classification     London London Journal article 27/06/2002   ABS65581 118557-1001 06/08/2019 1 06/08/2019 Journal article